000 00287nam a22001097a 4500
008 230703b xxu||||| |||| 00| 0 eng d
082 _a342.06
_bKIA 1974
245 _aCivil Service Laws in East Africa
260 _bEast African Literature Bureau
_c1974
300 _a127p
942 _2ddc
_cBK
999 _c3535
_d3535